[Event "DEM U12/U12w 2015"]
[Site "Willingen GER"]
[Date "2015.05.24"]
[Round "1"]
[White "Trifan, Andrei Ioan"]
[Black "Hassemeier, Mika"]
[Result "1-0"]
[Termination "normal"]
[Board "1"]
[WhiteElo "1864"]
[BlackElo "1658"]
[WhiteClock "00:17:26"]
[BlackClock "00:05:10"]
[PlyCount "63"]
[WhiteFideId "12967068"]
[BlackFideId "12994880"]
[EventCountry "GER"]
[EventRounds "11"]
[EventType "swiss"]
[EventDate "2015.05.23"]

1. e4 c5 2. Nf3 e6 3. d4 cxd4 4. Nxd4 Nf6 5. Bd3 d6 6. c4 Nbd7 7. Nc3 a6 8. O-O
Be7 9. Be2 O-O 10. Be3 Qc7 11. Rc1 Rd8 12. Qd2 Nc5 13. f3 e5 14. Nc2 Be6 15.
Rfd1 Rac8 16. Bf1 Bf8 17. Qf2 Be7 18. Nd5 Bxd5 19. cxd5 Qd7 20. b3 b5 21. Nb4
Bf8 22. Qb2 Nh5 23. g3 f5 24. Bh3 g6 25. Qb1 Ng7 26. Bh6 Nh5 27. Bg5 Be7 28.
Bxe7 Qxe7 29. Nc6 Qg5 30. Nxd8 Rxd8 31. exf5 gxf5 32. Qxf5 1-0

[Event "DEM U12/U12w 2015"]
[Site "Willingen GER"]
[Date "2015.05.24"]
[Round "1"]
[White "Bethke, Robert"]
[Black "Kopylov, Daniel"]
[Result "1/2-1/2"]
[Termination "normal"]
[Board "2"]
[WhiteElo "1548"]
[BlackElo "1812"]
[WhiteClock "00:51:32"]
[BlackClock "00:12:31"]
[PlyCount "63"]
[WhiteFideId "12959251"]
[BlackFideId "12921971"]
[EventCountry "GER"]
[EventRounds "11"]
[EventType "swiss"]
[EventDate "2015.05.23"]

1. c4 e5 2. Nc3 Nf6 3. Nf3 e4 4. Ng5 b5 5. Qc2 bxc4 6. Ngxe4 c6 7. g3 d5 8.
Nxf6+ Qxf6 9. Bg2 Bc5 10. O-O Bf5 11. Qa4 O-O 12. e4 Bg6 13. Kh1 Bh5 14. exd5
Bf3 15. dxc6 Bxg2+ 16. Kxg2 Qxc6+ 17. Qxc6 Nxc6 18. b3 cxb3 19. axb3 Nd4 20.
Ba3 Nxb3 21. Bxc5 Nxc5 22. Ra2 Rfd8 23. Rd1 Rd3 24. Rda1 Rd7 25. Nb5 a6 26. d4
Rad8 27. dxc5 axb5 28. Rb2 g6 29. Rxb5 Rc7 30. Rc1 Rd5 31. Rc2 h5 32. h4
1/2-1/2

[Event "DEM U12/U12w 2015"]
[Site "Willingen GER"]
[Date "2015.05.24"]
[Round "1"]
[White "Weishäutel, Moritz"]
[Black "Kublanov, Elizabeth"]
[Result "1-0"]
[Termination "normal"]
[Board "3"]
[WhiteElo "1963"]
[BlackElo "1563"]
[WhiteClock "00:35:50"]
[BlackClock "00:00:55"]
[PlyCount "77"]
[WhiteFideId "12967300"]
[BlackFideId "12944564"]
[EventCountry "GER"]
[EventRounds "11"]
[EventType "swiss"]
[EventDate "2015.05.23"]

1. e4 e5 2. Bc4 Bc5 3. Nc3 Nf6 4. d3 O-O 5. Nf3 d6 6. Bg5 c6 7. Qd2 b5 8. Bb3
Bb7 9. O-O-O a5 10. a3 b4 11. Na4 bxa3 12. Nxc5 axb2+ 13. Kb1 dxc5 14. Nxe5 a4
15. Ba2 a3 16. Ng4 Nbd7 17. e5 h6 18. Bh4 h5 19. Nxf6+ Nxf6 20. exf6 Qd4 21.
Qg5 Qxf6 22. Qxf6 gxf6 23. Bxf6 Bc8 24. Rhe1 Be6 25. Re5 Kh7 26. Rxc5 Kg6 27.
Bh4 Rfc8 28. Bxe6 fxe6 29. Ka2 Ra6 30. Re1 Kf7 31. Rxh5 Rb8 32. Rh7+ Kg8 33.
Re7 Rab6 34. Rb1 c5 35. Ra7 Rb4 36. Bg3 Rc8 37. Kxa3 Rcb8 38. Bxb8 Rxb8 39.
Rxb2 1-0

[Event "DEM U12/U12w 2015"]
[Site "Willingen GER"]
[Date "2015.05.24"]
[Round "1"]
[White "Müdder, Melanie"]
[Black "Tong, Kevin"]
[Result "0-1"]
[Termination "normal"]
[Board "4"]
[WhiteElo "1511"]
[BlackElo "2017"]
[WhiteClock "00:31:49"]
[BlackClock "00:14:43"]
[PlyCount "92"]
[WhiteFideId "12994103"]
[BlackFideId "12913944"]
[EventCountry "GER"]
[EventRounds "11"]
[EventType "swiss"]
[EventDate "2015.05.23"]

1. e4 c5 2. Nc3 Nc6 3. f4 g6 4. Nf3 Bg7 5. Bb5 Nd4 6. O-O Nxb5 7. Nxb5 d6 8.
Nc3 Nf6 9. d3 O-O 10. Qe1 Rb8 11. Qh4 b5 12. f5 d5 13. Bh6 b4 14. Ne2 dxe4 15.
dxe4 Ba6 16. Bxg7 Kxg7 17. Rf2 Qc7 18. fxg6 hxg6 19. Ng5 Rh8 20. Qg3 Qxg3 21.
Nxg3 e5 22. h3 Rbd8 23. Nf3 Rhe8 24. Rd2 Rxd2 25. Nxd2 Bb7 26. Re1 Nd7 27. Nc4
Nb6 28. Nd6 Re7 29. Nxb7 Rxb7 30. b3 Rd7 31. Nf1 Kf6 32. Kf2 Ke6 33. Ke3 c4 34.
Nd2 c3 35. Nf3 f6 36. Ke2 f5 37. Ng5+ Kf6 38. h4 Rd2+ 39. Kf3 Rxc2 40. Re2 Rb2
41. Ke3 f4+ 42. Kd3 Rb1 43. Nh7+ Ke7 44. Ng5 Nd7 45. Rc2 Nc5+ 46. Kc4 Rb2 0-1

[Event "DEM U12/U12w 2015"]
[Site "Willingen GER"]
[Date "2015.05.24"]
[Round "1"]
[White "Dobrikov, Marco"]
[Black "Meric, Geoffrey"]
[Result "0-1"]
[Termination "normal"]
[Board "5"]
[WhiteElo "1947"]
[BlackElo "1476"]
[WhiteClock "00:37:00"]
[BlackClock "00:06:13"]
[PlyCount "105"]
[WhiteFideId "12950378"]
[BlackFideId "26092891"]
[EventCountry "GER"]
[EventRounds "11"]
[EventType "swiss"]
[EventDate "2015.05.23"]

1. e4 c5 2. Nf3 Nc6 3. c4 e5 4. Nc3 g6 5. d3 Bg7 6. Bg5 Nge7 7. Nd5 O-O 8. Be2
f6 9. Be3 d6 10. Qd2 Nxd5 11. cxd5 Ne7 12. O-O f5 13. Bh6 f4 14. Bxg7 Kxg7 15.
b4 b6 16. a4 g5 17. a5 g4 18. Ne1 Ng6 19. f3 g3 20. h3 Nh4 21. axb6 Qxb6 22.
bxc5 Qxc5+ 23. d4 exd4 24. Nd3 Qc3 25. Qxc3 dxc3 26. Rfc1 Ng6 27. Rxc3 Rf7 28.
Rc6 Rd7 29. Rac1 Bb7 30. Rc7 Rad8 31. Rxd7+ Rxd7 32. Ra1 Bc8 33. Kf1 Rb7 34.
Ke1 Kf6 35. Kd2 Bd7 36. Ne1 Ne5 37. Nc2 h6 38. Nd4 h5 39. Rc1 a5 40. Nc6 a4 41.
Bd1 Rb2+ 42. Bc2 Bxc6 43. dxc6 Nxc6 44. Kc3 a3 45. Rd1 Ke7 46. Rb1 Rxb1 47.
Bxb1 Ke6 48. Ba2+ Ke5 49. Bd5 Ne7 50. Bf7 h4 51. Bb3 d5 52. Kd3 dxe4+ 53. fxe4
0-1

[Event "DEM U12/U12w 2015"]
[Site "Willingen GER"]
[Date "2015.05.24"]
[Round "1"]
[White "Buller, Ian Joshua"]
[Black "Suvorov, Alexander"]
[Result "0-1"]
[Termination "normal"]
[Board "6"]
[WhiteElo "1491"]
[BlackElo "1938"]
[WhiteClock "00:00:51"]
[BlackClock "00:01:36"]
[PlyCount "73"]
[WhiteFideId "12990655"]
[BlackFideId "12977063"]
[EventCountry "GER"]
[EventRounds "11"]
[EventType "swiss"]
[EventDate "2015.05.23"]

1. e4 c5 2. Nf3 Nc6 3. d4 cxd4 4. Nxd4 e5 5. Nf3 Nf6 6. Nc3 Bb4 7. Bd3 d5 8.
exd5 Nxd5 9. Bd2 Nxc3 10. Bxc3 Bxc3+ 11. bxc3 Be6 12. O-O O-O 13. Re1 f6 14.
Qe2 Rc8 15. Red1 Qe7 16. c4 Qf7 17. Rab1 b6 18. Rd2 Na5 19. Qe4 g6 20. Nh4 Nxc4
21. Re2 f5 22. Qf3 e4 23. Qf4 exd3 24. cxd3 Na5 25. a3 Bd5 26. Re3 Rfe8 27. Rg3
Rf8 28. h3 Nb7 29. Re1 Rc5 30. Re5 Be6 31. Ree3 Nd8 32. Nf3 Qf6 33. Ng5 Bd5 34.
h4 Ne6 35. Nxe6 Bxe6 36. h5 Bf7 37. hxg6 0-1

[Event "DEM U12/U12w 2015"]
[Site "Willingen GER"]
[Date "2015.05.24"]
[Round "1"]
[White "Zimmer, Raphael"]
[Black "Schille, Hannes"]
[Result "1-0"]
[Termination "normal"]
[Board "7"]
[WhiteElo "1977"]
[BlackElo "1489"]
[WhiteClock "00:13:12"]
[BlackClock "00:08:38"]
[PlyCount "114"]
[WhiteFideId "12978841"]
[BlackFideId "16206053"]
[EventCountry "GER"]
[EventRounds "11"]
[EventType "swiss"]
[EventDate "2015.05.23"]

1. e4 c5 2. Nf3 a6 3. c4 Nc6 4. d4 cxd4 5. Nxd4 e6 6. Be3 Qc7 7. Nc3 Nf6 8. Be2
Be7 9. Qd2 O-O 10. O-O b6 11. Rac1 Bb7 12. f3 Rac8 13. Rfd1 Rfd8 14. Bf1 Bd6
15. g3 Ne5 16. b3 Bc5 17. Bg2 Ng6 18. Kh1 d5 19. cxd5 exd5 20. exd5 Nxd5 21.
Nxd5 Rxd5 22. b4 Qd7 23. bxc5 bxc5 24. Qb2 cxd4 25. Rxc8+ Bxc8 26. Rxd4 Rxd4
27. Qxd4 Qxd4 28. Bxd4 Be6 29. a3 Ne7 30. Kg1 Nc6 31. Bc3 f6 32. f4 Ne7 33. Bb4
Nd5 34. Kf2 g6 35. Bf1 Bc8 36. Bc4 Bb7 37. Ke2 Kf7 38. Kd3 Ke6 39. Kd4 f5 40.
a4 h6 41. Bf8 h5 42. a5 Ba8 43. Bc5 Bb7 44. h4 Ba8 45. Bxa6 Kf6 46. Bc8 Nc7 47.
a6 Ne6+ 48. Kc4 Nd8 49. Bb6 Ke7 50. Bxd8+ Kxd8 51. Bb7 Bxb7 52. axb7 Kc7 53.
Kd5 Kxb7 54. Ke6 Kc6 55. Kf6 Kd5 56. Kxg6 Ke4 57. Kxh5 Kd5 1-0

[Event "DEM U12/U12w 2015"]
[Site "Willingen GER"]
[Date "2015.05.24"]
[Round "1"]
[White "Brunkardt, Elena"]
[Black "Suvorov, Luca"]
[Result "0-1"]
[Termination "normal"]
[Board "8"]
[WhiteElo "1474"]
[BlackElo "1832"]
[WhiteClock "00:01:02"]
[BlackClock "00:03:53"]
[PlyCount "88"]
[WhiteFideId "16208838"]
[BlackFideId "12977071"]
[EventCountry "GER"]
[EventRounds "11"]
[EventType "swiss"]
[EventDate "2015.05.23"]

1. e4 c5 2. Nf3 Nc6 3. d4 cxd4 4. Nxd4 e5 5. Nb5 d6 6. N5c3 Nf6 7. Bg5 Be6 8.
Nd2 Be7 9. Bxf6 Bxf6 10. Nd5 Bxd5 11. exd5 Nb8 12. Bb5+ Kf8 13. c4 g6 14. Ne4
Be7 15. O-O f5 16. Ng3 Kg7 17. Qb3 Qc8 18. Qc3 Bf6 19. Qb4 Rd8 20. Rac1 b6 21.
h3 h5 22. Ne2 f4 23. Nc3 f3 24. Ne4 Be7 25. Qc3 Rf8 26. a3 fxg2 27. Kxg2 Rf4
28. Rce1 Qf5 29. Ng3 Qg5 30. Kh2 h4 31. Ne4 Qf5 32. f3 Nd7 33. Bxd7 Qxd7 34.
Rg1 Raf8 35. Ref1 Qf5 36. Nd2 Rd4 37. Qe3 Rd3 38. Qe2 Qf4+ 39. Kh1 Rxd2 40.
Rxg6+ Kxg6 41. Rg1+ Kh6 42. Rg6+ Kxg6 43. Qe4+ Qxe4 44. fxe4 Rf1# 0-1

[Event "DEM U12/U12w 2015"]
[Site "Willingen GER"]
[Date "2015.05.24"]
[Round "1"]
[White "Pajeken, Jakob Leon"]
[Black "Berelowitsch, Dana"]
[Result "1-0"]
[Termination "normal"]
[Board "9"]
[WhiteElo "1797"]
[BlackElo "1408"]
[PlyCount "117"]
[WhiteFideId "12942839"]
[BlackFideId "12977144"]
[EventCountry "GER"]
[EventRounds "11"]
[EventType "swiss"]
[EventDate "2015.05.23"]

1. e4 e5 2. Nf3 Nc6 3. Bc4 Be7 4. d4 d6 5. d5 Nb8 6. Bd3 Nf6 7. c4 Bg4 8. h3
Bh5 9. g4 Bg6 10. Nc3 Na6 11. Be3 Nd7 12. a3 Nac5 13. Bc2 b6 14. b4 Nb7 15. Ba4
O-O 16. Bc6 Qc8 17. h4 Nf6 18. Bxb7 Qxb7 19. Nd2 h6 20. g5 hxg5 21. hxg5 Nh7
22. Qg4 Qc8 23. Qg3 Qd8 24. Nf3 Qd7 25. Nh4 Bh5 26. Nf5 Bg6 27. Nxe7+ Qxe7 28.
Kd2 Rac8 29. Rh2 c6 30. Rah1 Qd8 31. Rxh7 Bxh7 32. Qh4 f6 33. Qxh7+ Kf7 34. g6+
Ke8 35. Qxg7 Rc7 36. Qxf8+ Kxf8 37. Rh8+ Ke7 38. g7 Rc8 39. Rxd8 Rxd8 40. dxc6
Kf7 41. Bh6 Kg6 42. Nd5 Kxh6 43. c7 Re8 44. g8=Q Rxg8 45. Ne7 Re8 46. c8=Q Rxc8
47. Nxc8 Kg7 48. Nxa7 Kf8 49. Nc8 Ke8 50. Nxb6 Kd8 51. a4 Kc7 52. a5 Kb7 53. b5
Ka7 54. Nc8+ Kb8 55. Nxd6 Ka7 56. b6+ Kb8 57. a6 Ka8 58. c5 Kb8 59. c6 1-0

[Event "DEM U12/U12w 2015"]
[Site "Willingen GER"]
[Date "2015.05.24"]
[Round "1"]
[White "Pahl, Erik"]
[Black "Nguyen, Alex Dac-Vuong"]
[Result "1/2-1/2"]
[Termination "normal"]
[Board "10"]
[WhiteElo "1464"]
[BlackElo "1885"]
[PlyCount "126"]
[WhiteFideId "16201272"]
[BlackFideId "12984388"]
[EventCountry "GER"]
[EventRounds "11"]
[EventType "swiss"]
[EventDate "2015.05.23"]

1. e4 e6 2. d4 d5 3. Nc3 Nf6 4. e5 Nfd7 5. f4 c5 6. Nf3 Nc6 7. Be3 Be7 8. Qd2
O-O 9. Be2 f6 10. exf6 Nxf6 11. dxc5 Qa5 12. Nb5 Qxd2+ 13. Kxd2 Ne4+ 14. Ke1
Bxc5 15. Bxc5 Nxc5 16. g3 Bd7 17. Nbd4 a6 18. Nxc6 bxc6 19. Ne5 Rab8 20. b3 a5
21. Bg4 Rfe8 22. Kf1 Rb6 23. Kg2 Bc8 24. Bf3 Nd7 25. Rhe1 Kf8 26. Nxd7+ Bxd7
27. Re5 Kf7 28. Rae1 g6 29. g4 Rb4 30. Kg3 Rd4 31. Rd1 Rxd1 32. Bxd1 Rb8 33. h4
a4 34. h5 axb3 35. axb3 Kf6 36. hxg6 hxg6 37. Be2 Ra8 38. Bd3 Ra3 39. Rg5 Be8
40. Kf2 c5 41. Re5 Ra2 42. Kg3 Ra1 43. Kg2 Rc1 44. Rg5 Bf7 45. Re5 Be8 46. Rg5
Ra1 47. Re5 Ra5 48. Rg5 Ra3 49. Re5 Ra1 50. Kf2 Rh1 51. Kg2 Ra1 52. Kf2 Ra3 53.
Kg2 Ra5 54. Rg5 Ra7 55. Kg3 Rh7 56. Re5 Rc7 57. Rg5 Rb7 58. Kf3 Rb4 59. Kg3 Rd4
60. Kf3 Rb4 61. Kg3 Bf7 62. Kf3 Rd4 63. Re5 Be8 1/2-1/2

[Event "DEM U12/U12w 2015"]
[Site "Willingen GER"]
[Date "2015.05.24"]
[Round "1"]
[White "Yankelevich, Michael"]
[Black "Schnabel, Luise"]
[Result "1-0"]
[Termination "normal"]
[Board "11"]
[WhiteElo "1810"]
[BlackElo "1458"]
[PlyCount "63"]
[WhiteFideId "12921440"]
[BlackFideId "12943347"]
[EventCountry "GER"]
[EventRounds "11"]
[EventType "swiss"]
[EventDate "2015.05.23"]

1. e4 e5 2. Nf3 Nc6 3. Bc4 Nf6 4. d3 Bc5 5. c3 d6 6. Bg5 h6 7. Bh4 g5 8. Bg3
Bd7 9. b4 Bb6 10. Qb3 Qe7 11. a4 a6 12. h3 Be6 13. Nbd2 Rd8 14. a5 Ba7 15. b5
Nb8 16. b6 cxb6 17. axb6 Bxb6 18. Qxb6 Nc6 19. Bxa6 Ra8 20. O-O O-O 21. Bxb7
Rab8 22. Qxc6 Rxb7 23. Nc4 Rd8 24. Nfd2 Rc7 25. Qa4 Nh5 26. Rfb1 Nf4 27. Bxf4
gxf4 28. Rb6 f5 29. Qb4 fxe4 30. dxe4 Bxc4 31. Nxc4 Rc5 32. Rd1 1-0

[Event "DEM U12/U12w 2015"]
[Site "Willingen GER"]
[Date "2015.05.24"]
[Round "1"]
[White "Ziegenfuß, Larissa"]
[Black "Dietz, Florian"]
[Result "0-1"]
[Termination "normal"]
[Board "12"]
[WhiteElo "1574"]
[BlackElo "1844"]
[PlyCount "46"]
[WhiteFideId "12974722"]
[BlackFideId "12939897"]
[EventCountry "GER"]
[EventRounds "11"]
[EventType "swiss"]
[EventDate "2015.05.23"]

1. e4 c5 2. Nf3 d6 3. d4 cxd4 4. Nxd4 Nf6 5. Nc3 g6 6. Be3 Bg7 7. f3 O-O 8. Qd2
Nc6 9. g4 d5 10. g5 Ne8 11. exd5 Nb4 12. Bc4 Nc7 13. O-O-O Bh3 14. Kb1 Nbxd5
15. Nxd5 Nxd5 16. Bxd5 Qxd5 17. f4 Rfd8 18. Nb3 Qf3 19. Qc1 Bg4 20. Rdf1 Qe4
21. Nc5 Qc4 22. Nd3 Rac8 23. Re1 Rxd3 0-1

[Event "DEM U12/U12w 2015"]
[Site "Willingen GER"]
[Date "2015.05.24"]
[Round "1"]
[White "Li, Simon"]
[Black "Kirsten, Annika"]
[Result "1-0"]
[Termination "normal"]
[Board "13"]
[WhiteElo "1907"]
[BlackElo "1267"]
[PlyCount "77"]
[WhiteFideId "12972134"]
[BlackFideId "12961124"]
[EventCountry "GER"]
[EventRounds "11"]
[EventType "swiss"]
[EventDate "2015.05.23"]

1. e4 e5 2. Nf3 Nc6 3. Bc4 Bc5 4. b4 Bb6 5. c3 Nf6 6. d3 d6 7. h3 Be6 8. Bxe6
fxe6 9. O-O O-O 10. Bg5 Qd7 11. Nbd2 a6 12. Nc4 Ba7 13. a4 h6 14. Bh4 Ne7 15.
Qb3 Ng6 16. Bg3 Nh5 17. Kh2 b5 18. Ncd2 Nxg3 19. fxg3 d5 20. Ra2 Rfc8 21. Rfa1
c5 22. axb5 axb5 23. exd5 exd5 24. Ra6 Ne7 25. Nxe5 Qc7 26. Ndf3 Rd8 27. Qa2
Nc8 28. Nc6 Rd7 29. Nfe5 Rd6 30. bxc5 Rf6 31. Qxd5+ Kh7 32. d4 Qb7 33. Nd7 Rxc6
34. Qxc6 Qxc6 35. Rxc6 Ne7 36. Rc7 Nc8 37. Rxc8 Rxc8 38. Rxa7 Re8 39. Nf6+ 1-0

[Event "DEM U12/U12w 2015"]
[Site "Willingen GER"]
[Date "2015.05.24"]
[Round "1"]
[White "Eulitz, Charlotte"]
[Black "Stork, Oliver"]
[Result "0-1"]
[Termination "normal"]
[Board "14"]
[WhiteElo "1476"]
[BlackElo "1844"]
[PlyCount "62"]
[WhiteFideId "12964654"]
[BlackFideId "12955728"]
[EventCountry "GER"]
[EventRounds "11"]
[EventType "swiss"]
[EventDate "2015.05.23"]

1. e4 c6 2. d4 d5 3. exd5 cxd5 4. Nc3 Nf6 5. Bg5 Nbd7 6. Nf3 e6 7. a3 Be7 8.
Bd3 a6 9. O-O Qc7 10. Re1 h6 11. Bh4 O-O 12. Bg3 Bd6 13. Bxd6 Qxd6 14. Qe2 b5
15. b4 Nb6 16. Qe5 Qc6 17. Nb1 Bd7 18. Nbd2 a5 19. Nb3 axb4 20. axb4 Qc3 21.
Qd6 Nc4 22. Bxc4 bxc4 23. Rxa8 Rxa8 24. Re3 cxb3 25. h3 Qa1+ 26. Re1 b2 27. Kh2
Qxe1 28. Nxe1 b1=Q 29. Nf3 Ra1 30. Qb8+ Kh7 31. Ne5 Nh5 0-1

[Event "DEM U12/U12w 2015"]
[Site "Willingen GER"]
[Date "2015.05.24"]
[Round "1"]
[White "Brückner, Alexander"]
[Black "Wastian, Mareike"]
[Result "1-0"]
[Termination "normal"]
[Board "15"]
[WhiteElo "1821"]
[BlackElo "1573"]
[PlyCount "53"]
[WhiteFideId "12952613"]
[BlackFideId "12947423"]
[EventCountry "GER"]
[EventRounds "11"]
[EventType "swiss"]
[EventDate "2015.05.23"]

1. e4 d5 2. exd5 Nf6 3. d4 Bg4 4. Be2 Bxe2 5. Nxe2 Qxd5 6. O-O e6 7. Nbc3 Qf5
8. Ng3 Qa5 9. Re1 Be7 10. d5 Nxd5 11. Nxd5 Qxd5 12. Qxd5 exd5 13. Nf5 Nc6 14.
Nxg7+ Kf8 15. Bh6 Rc8 16. Nh5+ Ke8 17. Bg7 Kd7 18. Bxh8 Rxh8 19. c3 Kc8 20.
Rad1 Rg8 21. Rxd5 Bd6 22. Nf6 Rh8 23. Re8+ Rxe8 24. Nxe8 Be5 25. g3 Bh8 26. Rh5
Kd8 27. Rxh7 1-0

[Event "DEM U12/U12w 2015"]
[Site "Willingen GER"]
[Date "2015.05.24"]
[Round "1"]
[White "Popist, Florian"]
[Black "Roho, Kevin"]
[Result "0-1"]
[Termination "normal"]
[Board "16"]
[WhiteElo "1422"]
[BlackElo "1825"]
[PlyCount "96"]
[WhiteFideId "16203518"]
[BlackFideId "12973734"]
[EventCountry "GER"]
[EventRounds "11"]
[EventType "swiss"]
[EventDate "2015.05.23"]

1. e4 d5 2. exd5 Qxd5 3. Nc3 Qa5 4. d4 Nf6 5. Bd2 c6 6. h3 e6 7. Bd3 Nbd7 8.
Nf3 Qc7 9. Ne2 c5 10. c4 Bd6 11. Qc2 b6 12. dxc5 bxc5 13. Ng5 h6 14. Ne4 Nxe4
15. Bxe4 Bb7 16. Qd3 Ne5 17. Qc2 Bxe4 18. Qxe4 Qc6 19. Nc3 Qxe4+ 20. Nxe4 Nxc4
21. b3 Nxd2 22. Nxd6+ Ke7 23. Nxf7 Nxb3 24. Nxh8 Nxa1 25. Ng6+ Kf6 26. Ke2 Nc2
27. Nf4 Nb4 28. Rc1 Nxa2 29. Rxc5 Nb4 30. Rc4 Nd5 31. Nh5+ Kg6 32. g4 a5 33. f4
a4 34. f5+ exf5 35. Rd4 Nf6 36. Nxf6 gxf6 37. Rd2 a3 38. Ra2 Kg5 39. Kf3 fxg4+
40. hxg4 Ra4 41. Ra1 a2 42. Ke3 Kxg4 43. Rg1+ Kf5 44. Rf1+ Ke5 45. Ra1 f5 46.
Kf3 Ra3+ 47. Kf2 f4 48. Re1+ Kd4 0-1

[Event "DEM U12/U12w 2015"]
[Site "Willingen GER"]
[Date "2015.05.24"]
[Round "1"]
[White "Yi, Danny"]
[Black "Kühne, Maria"]
[Result "1-0"]
[Termination "normal"]
[Board "17"]
[WhiteElo "1778"]
[BlackElo "1401"]
[PlyCount "132"]
[WhiteFideId "12988588"]
[BlackFideId "12997412"]
[EventCountry "GER"]
[EventRounds "11"]
[EventType "swiss"]
[EventDate "2015.05.23"]

1. e4 Nc6 2. Nf3 d6 3. d4 a6 4. Bf4 Bg4 5. Be2 Nf6 6. d5 Bxf3 7. Bxf3 Ne5 8.
Bxe5 dxe5 9. c4 e6 10. Nc3 exd5 11. cxd5 Bd6 12. O-O O-O 13. Qb3 Rb8 14. Rac1
Nd7 15. Ne2 Nc5 16. Qe3 Qe7 17. Ng3 g6 18. Rc3 Na4 19. Rc2 Bc5 20. Qd2 Nb6 21.
Rfc1 Bd6 22. Qh6 f6 23. Bg4 Qg7 24. Be6+ Kh8 25. Qh4 Rbd8 26. b3 Nd7 27. Rc3 a5
28. Nf1 b6 29. Rg3 Nc5 30. Bf5 Kg8 31. Ne3 Kf7 32. Ng4 Ke7 33. Nh6 Rh8 34. Be6
Nxe6 35. dxe6 Qf8 36. Nf7 Kxe6 37. Nxd8+ Qxd8 38. Qg4+ Ke7 39. h3 Ba3 40. Rc6
Qd7 41. Qxd7+ Kxd7 42. Rxf6 Bd6 43. Rd3 Kc6 44. f4 Re8 45. fxe5 Rxe5 46. Re3
Kb5 47. Re2 Kb4 48. Rf7 h5 49. Rg7 Re6 50. Kf2 Rf6+ 51. Ke1 Bg3+ 52. Kd1 Rc6
53. Rd7 Bf4 54. Rc2 Re6 55. Rd4+ Kb5 56. Ke2 c5 57. a4+ Kc6 58. Kd3 Kb7 59. Rd5
h4 60. Rf2 g5 61. Re2 Kc6 62. Rf5 Kd6 63. e5+ Kd5 64. Re4 Rxe5 65. Rexe5+ Bxe5
66. Rxg5 Kc6 1-0

[Event "DEM U12/U12w 2015"]
[Site "Willingen GER"]
[Date "2015.05.24"]
[Round "1"]
[White "Schneider, Edward"]
[Black "Post, Hugo"]
[Result "0-1"]
[Termination "normal"]
[Board "18"]
[WhiteElo "1395"]
[BlackElo "1774"]
[PlyCount "106"]
[WhiteFideId "16200870"]
[BlackFideId "12962490"]
[EventCountry "GER"]
[EventRounds "11"]
[EventType "swiss"]
[EventDate "2015.05.23"]

1. e4 c5 2. Nf3 Nc6 3. d4 cxd4 4. Nxd4 g6 5. c4 Bg7 6. Be3 Nf6 7. f3 O-O 8. Qd2
d6 9. Be2 Bd7 10. O-O a6 11. Nc3 Rc8 12. Rfd1 Qc7 13. Rac1 Qb8 14. Bf1 Nxd4 15.
Bxd4 b5 16. c5 e5 17. Be3 dxc5 18. Nd5 Nxd5 19. Bxc5 Nf6 20. Bxf8 Bxf8 21. Rxc8
Qxc8 22. Rc1 Qb8 23. Qc2 Bd6 24. Bd3 Kg7 25. Qd2 Nh5 26. Kh1 Nf4 27. Rd1 Bc7
28. Bf1 Be6 29. g3 Nh5 30. b3 Qb6 31. Bg2 Nf6 32. Re1 h6 33. Qe3 Qa5 34. Rc1
Bb6 35. Qe2 Bd4 36. Rf1 Qd8 37. f4 Qb6 38. f5 gxf5 39. exf5 Bc8 40. g4 Bb7 41.
h3 Bxg2+ 42. Qxg2 Be3 43. h4 Qd4 44. Rf3 Nxg4 45. h5 Kh7 46. f6 Bg5 47. Qg3
Qd1+ 48. Kg2 Qe2+ 49. Kg1 Nxf6 50. Qf2 Qxf2+ 51. Kxf2 Kg7 52. Rh3 Kf8 53. Rc3
Ne4+ 0-1

[Event "DEM U12/U12w 2015"]
[Site "Willingen GER"]
[Date "2015.05.24"]
[Round "1"]
[White "Biermann, Lenhard"]
[Black "Creß, Bastian"]
[Result "1/2-1/2"]
[Termination "normal"]
[Board "19"]
[WhiteElo "1622"]
[BlackElo "1387"]
[PlyCount "125"]
[WhiteFideId "12970077"]
[BlackFideId "16208846"]
[EventCountry "GER"]
[EventRounds "11"]
[EventType "swiss"]
[EventDate "2015.05.23"]

1. d4 Nf6 2. c4 g6 3. Nc3 Bg7 4. Nf3 O-O 5. Bf4 d6 6. e3 Nbd7 7. h3 c6 8. Be2
Qe8 9. O-O e5 10. Bh2 Qe7 11. Qc2 e4 12. Nd2 Re8 13. Rac1 Nf8 14. Rfd1 Bf5 15.
Qb3 g5 16. Qa3 Red8 17. b4 Ng6 18. c5 d5 19. b5 h5 20. bxc6 bxc6 21. Qa6 Qd7
22. Rb1 Qe8 23. Rb3 g4 24. hxg4 Nxg4 25. Bc7 Rdc8 26. Bd6 Qd8 27. Nf1 Nh4 28.
Ng3 Qg5 29. Bf4 Qg6 30. Rb7 Be6 31. Rxa7 Rxa7 32. Qxa7 Nf5 33. Bxg4 Qxg4 34.
Nxf5 Bxf5 35. Qa6 h4 36. Qe2 Qxe2 37. Nxe2 Bg4 38. Rd2 Ra8 39. Bg5 h3 40. gxh3
Bxh3 41. Nf4 Bc8 42. Rb2 Ba6 43. Ne2 Bc4 44. Nc3 Ra3 45. Rc2 Kh7 46. Nxe4 Bxa2
47. Nd6 f6 48. Bf4 Ra6 49. Rb2 Bc4 50. Nxc4 dxc4 51. Rc2 Ra4 52. e4 c3 53. Rxc3
Rxd4 54. f3 f5 55. Rc1 fxe4 56. fxe4 Rxe4 57. Bd6 Re2 58. Kf1 Ra2 59. Ke1 Kg6
60. Kd1 Kf7 61. Rc2 Rxc2 62. Kxc2 Ke6 63. Kb3 1/2-1/2

[Event "DEM U12/U12w 2015"]
[Site "Willingen GER"]
[Date "2015.05.24"]
[Round "1"]
[White "Khamenya, Vitalia"]
[Black "Merk, Daniel"]
[Result "1/2-1/2"]
[Termination "normal"]
[Board "20"]
[WhiteElo "1570"]
[BlackElo "1799"]
[PlyCount "61"]
[WhiteFideId "12959260"]
[BlackFideId "12938386"]
[EventCountry "GER"]
[EventRounds "11"]
[EventType "swiss"]
[EventDate "2015.05.23"]

1. e4 c6 2. d4 d5 3. Nc3 dxe4 4. Nxe4 Bf5 5. Ng3 Bg6 6. h4 h6 7. Nf3 Nd7 8. h5
Bh7 9. Bd3 Bxd3 10. Qxd3 Ngf6 11. Bd2 e6 12. O-O-O Bd6 13. Rde1 Qc7 14. Nf5
O-O-O 15. Nxd6+ Qxd6 16. Ba5 Rde8 17. Kb1 Kb8 18. Ne5 Nxe5 19. dxe5 Qxd3 20.
cxd3 Nd5 21. a4 b6 22. Bd2 Kb7 23. Rh3 Rd8 24. Rg3 Rhg8 25. Re4 Ne7 26. Rf3 Nf5
27. Bc3 Rgf8 28. g4 Ne7 29. Ref4 f5 30. exf6 Nd5 31. Re4 1/2-1/2

[Event "DEM U12/U12w 2015"]
[Site "Willingen GER"]
[Date "2015.05.24"]
[Round "1"]
[White "Englert, Jon"]
[Black "Höfs, Cederik"]
[Result "1-0"]
[Termination "normal"]
[Board "21"]
[WhiteElo "1682"]
[BlackElo "1377"]
[PlyCount "99"]
[WhiteFideId "12992275"]
[BlackFideId "16207653"]
[EventCountry "GER"]
[EventRounds "11"]
[EventType "swiss"]
[EventDate "2015.05.23"]

1. e4 e5 2. Nf3 Nc6 3. d4 exd4 4. Nxd4 Nf6 5. f3 Bc5 6. Be3 Nxe4 7. fxe4 Qh4+
8. Bf2 Qxe4+ 9. Qe2 Qxe2+ 10. Nxe2 O-O 11. Bxc5 d6 12. Bf2 Nb4 13. Na3 Re8 14.
Kd2 Bf5 15. Ng3 Bg6 16. c3 Nd5 17. Bc4 Nf4 18. Nb5 Re7 19. Rhe1 Rxe1 20. Rxe1
c6 21. Nxd6 Rd8 22. Re8+ Rxe8 23. Nxe8 Nxg2 24. Bxa7 Kf8 25. Nd6 b5 26. Bd3 Nh4
27. Bxg6 fxg6 28. Ke3 Ng2+ 29. Ke4 Ke7 30. Bc5 Ke6 31. Ne2 Nh4 32. Nd4+ Kd7 33.
Nf3 Ng2 34. Ne5+ Kc7 35. Ne8+ Kb7 36. Nxg7 Nh4 37. Ne6 h6 38. Nd8+ Kc8 39.
Ndxc6 g5 40. Na7+ Kd8 41. Nxb5 h5 42. a4 g4 43. a5 Kc8 44. a6 Kb8 45. a7+ Ka8
46. Kd5 Nf5 47. Kc6 Ne7+ 48. Bxe7 g3 49. Bc5 g2 50. Nc7# 1-0